| 000 | 00502nam a2200145 4500 | ||
|---|---|---|---|
| 082 | _aMS-CCS-4 MUH | ||
| 100 |
_aMuhammad Mudassir Feroz _9100089 |
||
| 245 | _aShim6 assisted mobility scheme (SAMS) | ||
| 260 |
_aIslamabad _bNust School of Electrical Engineering and Computer Science _c2013 |
||
| 300 |
_a52 p _eCD-ROM |
||
| 500 | _aSupervisor:Dr.Adnan Khalid Kiani | ||
| 700 |
_aMuhammad Mudassir Feroz _9100089 |
||
| 856 | _uhttp://10.250.8.41:8080/xmlui/handle/123456789/10585 | ||
| 942 |
_cPR _2ddc |
||
| 999 |
_c12267 _d12267 |
||